| 000 | 01054nam a2200265 a 4500 | ||
|---|---|---|---|
| 001 | 000039427 | ||
| 003 | DO-SdBNP | ||
| 005 | 20211103123637.0 | ||
| 007 | ta | ||
| 008 | 130626s2007 dr 000 0 spa d | ||
| 040 |
_aDO-SdBNP _bspa _cBNPHU |
||
| 082 | 4 |
_222 _a282.8 _bD637g |
|
| 111 | 2 |
_aConferencia General del Episcopado Latinoamericano y del Caribe _n(5 : _d2007: _cSão Paulo, Brasil) _965623 |
|
| 245 | 1 | 0 | _aDocumento conclusivo. |
| 260 |
_aSanto Domingo : _bConsejo Episcopal Latinoamericano (CELAM), _bConferencia del Episcopado Dominicano, _bPaulinas, _c2007. |
||
| 300 |
_a311 p. ; _c21 cm. |
||
| 500 | _aIncluye referencias bibliográficas y notas al pie de las páginas. | ||
| 590 | _aInventariado, 2018/ YL | ||
| 610 | 2 | 0 |
_aIglesia Católica _zAmérica Latina _xCongresos _965624 |
| 650 | 1 | 4 |
_aEvangelización _zAmérica Latina _xCongresos _965625 |
| 650 | 1 | 4 |
_aIglésia católica _zCaribe (Región{Rpara} _965626 |
| 650 | 1 | 4 |
_aEvangelización _zCaribe (Región{Rpara} _965627 |
| 910 | _aValidado. Control de calidad MFF | ||
| 942 |
_2ddc _cLBS1 |
||
| 999 |
_c38917 _d38917 |
||